Manhattan : Letters from Prehistory /
Manhattan is the tale of a young French scholar who travels to the United States in 1965 on a Fulbright Fellowship to consult the manuscripts of beloved authors. In Yale University?s Beinecke Library, tantalized by the conversational and epistolary brilliance of a fellow researcher, she is lured int...
| Autor principal: | |
|---|---|
| Otros Autores: | |
| Formato: | Electrónico eBook |
| Idioma: | Inglés Francés |
| Publicado: |
New York :
Fordham University Press,
2007.
|
| Colección: | Book collections on Project MUSE.
|
| Temas: | |
| Acceso en línea: | Texto completo |
MARC
| LEADER | 00000cam a22000004a 4500 | ||
|---|---|---|---|
| 001 | musev2_72411 | ||
| 003 | MdBmJHUP | ||
| 005 | 20230905051444.0 | ||
| 006 | m o d | ||
| 007 | cr||||||||nn|n | ||
| 008 | 100418s2007 nyu o 00 0 eng d | ||
| 010 | |z 2007042850 | ||
| 020 | |a 9780823237906 | ||
| 020 | |z 9780823259892 | ||
| 035 | |a (OCoLC)1227050621 | ||
| 040 | |a MdBmJHUP |c MdBmJHUP | ||
| 041 | 1 | |a eng |h fre | |
| 100 | 1 | |a Cixous, Helene, |d 1937- | |
| 240 | 1 | 0 | |a Manhattan. |l English |
| 245 | 1 | 0 | |a Manhattan : |b Letters from Prehistory / |c Helene Cixous ; translated by Beverley Bie Brahic. |
| 264 | 1 | |a New York : |b Fordham University Press, |c 2007. | |
| 264 | 3 | |a Baltimore, Md. : |b Project MUSE, |c 2021 | |
| 264 | 4 | |c ©2007. | |
| 300 | |a 1 online resource (190 pages). | ||
| 336 | |a text |b txt |2 rdacontent | ||
| 337 | |a computer |b c |2 rdamedia | ||
| 338 | |a online resource |b cr |2 rdacarrier | ||
| 505 | 0 | |a Certes a sacrifice -- The eye-patch -- A yellow folder -- I will not write this book -- The evidence -- I loved above all literature -- The Necropolis -- More and more notebooks -- I am naked -- The charm of the malady -- Folly USA -- Done is done -- Room 91 -- The vroom vroom period -- Elpenor's dream -- After the end. | |
| 520 | |a Manhattan is the tale of a young French scholar who travels to the United States in 1965 on a Fulbright Fellowship to consult the manuscripts of beloved authors. In Yale University?s Beinecke Library, tantalized by the conversational and epistolary brilliance of a fellow researcher, she is lured into a picaresque and tragic adventure. Meanwhile, back in France, her children and no-nonsense mother await her return. A young European intellectual?s first contact with America and the city of New York are the background of this story. The experience of Manhattan haunts this labyrinth of a book as. | ||
| 588 | |a Description based on print version record. | ||
| 600 | 1 | 7 | |a Cixous, Helene, |d 1937- |2 fast |0 (OCoLC)fst00014357 |
| 600 | 1 | 1 | |a Cixous, Helene, |d 1937- |
| 600 | 1 | 0 | |a Cixous, Helene, |d 1937- |
| 650 | 7 | |a Travel. |2 fast |0 (OCoLC)fst01155558 | |
| 650 | 7 | |a Authors, French. |2 fast |0 (OCoLC)fst00822016 | |
| 650 | 7 | |a BIOGRAPHY & AUTOBIOGRAPHY |x Literary. |2 bisacsh | |
| 650 | 6 | |a Écrivains français |y 21e siecle |v Biographies. | |
| 650 | 6 | |a Écrivains français |y 20e siecle |v Biographies. | |
| 650 | 0 | |a Authors, French |y 21st century |v Biography. | |
| 650 | 0 | |a Authors, French |y 20th century |v Biography. | |
| 651 | 7 | |a New York (State) |z New York |z Manhattan. |2 fast |0 (OCoLC)fst01312688 | |
| 651 | 0 | |a Manhattan (New York, N.Y.) |x Description and travel. | |
| 655 | 7 | |a Biographies. |2 rvmgf | |
| 655 | 7 | |a Autobiographies. |2 rvmgf | |
| 655 | 7 | |a Biographies. |2 lcgft | |
| 655 | 7 | |a Autobiographies. |2 lcgft | |
| 655 | 7 | |a Biographies. |2 fast |0 (OCoLC)fst01919896 | |
| 655 | 7 | |a Autobiographies. |2 fast |0 (OCoLC)fst01919894 | |
| 655 | 2 | |a Biography | |
| 655 | 2 | |a Autobiography | |
| 655 | 7 | |a Electronic books. |2 local | |
| 700 | 1 | |a Brahic, Beverley Bie. | |
| 710 | 2 | |a Project Muse. |e distributor | |
| 830 | 0 | |a Book collections on Project MUSE. | |
| 856 | 4 | 0 | |z Texto completo |u https://projectmuse.uam.elogim.com/book/72411/ |
| 945 | |a Project MUSE - Custom Collection | ||
| 945 | |a Project MUSE - Archive Complete Supplement IX | ||
| 945 | |a Project MUSE - Archive US Regional Studies, New England and Mid Atlantic Supplement IX | ||


